As estórias nunca contadas pela história (Record no. 45892)

MARC details
000 -Etiqueta do registo
Valores 00472nam a2200169 4500
100 ## - Dados gerais de processamento
Dados gerais 20260320 pory50
101 ## - Língua de publicação
Língua por
102 ## - País de publicação
País PT
200 ## - Titulo e menção de responsabilidade
Título próprio As estórias nunca contadas pela história
Título paralelo 100 anos da República
Primeira menção de responsabilidade Diário de Notícias
210 ## - Publicação
Local de publicação [S.l.]
Nome do editor Diário de Notícias
Data de publicação [D.L. 2010]
215 ## - Descrição física 
Paginação / Volumes 1 v.
Outras indicações físicas il.
305 ## - Nota relativa à edição da publicação
Texto da nota dist. em fasc. arquivados em capa dura
675 ## - CDU
Notação 94(469)
801 ## - Fonte de origem
País PT
Regras de catalogação RPC
990 ## - Elementos KOHA
Tipo de documento Livro
Holdings
Aquisição Empréstimo Código de barras Cota Permissão de empréstimo Tipo de documento
Biblioteca Municipal de Redondo Biblioteca Municipal de Redondo 057104 94(469) DIA Consulta presencial Livro

Powered by Koha